00000000nam##2200000za#4500
0019.667410
003CaOODSP
00520210615123514
007ta
008150407|2006||||xxc|||||     f|0| 0 fre|d
020 |a0-662-49045-2
022 |a0225-9214
040 |aCaOODSP|bfre
041 |aeng
041 |afre
043 |an-cn---
0861 |aM141-5/2006-1
1101 |aCanada.|bRessources naturelles Canada. |bOffice de l'efficacité énergétique.
24510|aGuide de consommation de carburant 2006
250 |aÉdition révisée
260 |aOttawa - Ontario : |bRessources naturelles Canada. |c2006.
300 |a66p. : |bfigures, ill., tableaux ; |c22 cm.
5203 |aLe présent guide vous renseigne sur la consommation de carburant des automobiles, camionnettes, fourgonnettes, véhicules à usage spécial et véhicules à carburant de remplacement pour l'année modèle 200. L'information que renferme ce guide peut servir à comparer la consommation de carburant des divers modèles et vous aider à choisir le véhicule qui vous donnera le meilleur rendement énergétique tout en répondant à vos besoins de tous les jours.
563 |aCouverture souple
590 |a06-20|b2006-05-19
69107|aRendement énergétique|2gcpds
7102 |aTransport Canada.
7102 |aL'Association des fabricants internationaux d'automobiles du Canada.
7102 |aAssociation canadienne des constructeurs de véhicules.
791 |tFuel consumption guide 2006 |eeng|w(CaOODSP)9.667409